Certifikované elektronické registračné pokladnice
Zoznam certifikovaných pokladníc k 13.10.1994 a ich popis.
Guardado en:
| Formato: | Capítulo de libro |
|---|---|
| Lenguaje: | eslovaco |
| Materias: | |
| Etiquetas: |
Sin Etiquetas, Sea el primero en etiquetar este registro!
|
MARC
| LEADER | 00000naa a2200000 4500 | ||
|---|---|---|---|
| 001 | r024253 | ||
| 005 | 20221213113724.2 | ||
| 041 | 0 | |a slo | |
| 044 | |a SK | ||
| 245 | 1 | 0 | |a Certifikované elektronické registračné pokladnice |
| 520 | |a Zoznam certifikovaných pokladníc k 13.10.1994 a ich popis. | ||
| 610 | 2 | 0 | |a pokladnice kontrolné |
| 610 | 2 | 0 | |a elektronika |
| 610 | 2 | 0 | |a certifikácia |
| 610 | 2 | 0 | |a Slovensko |
| 610 | 2 | 0 | |a 1994 |
| 610 | 2 | 0 | |a október |
| 610 | 2 | 0 | |a súpisy |